000 00509nam a2200181Ia 4500
008 131103s9999 xx 000 0 und d
020 _a0 312 90843 1
040 _aLoreto College
041 _aEnglish
082 _aF/GRE
_bLCBED/10070
100 _aGreenwood, L. B.
245 _aSherlock Holmes
_b and the case of the Raleigh Legacy
_cL. B. Greenwood
260 _aNew York
_bSt. Martin's Press
_c1986
300 _a184p.
_c 20cm.
650 _aEnglish fiction
850 _aLCBED/F/GRE
942 _cBK
999 _c32664
_d83143